[Event "BL2-West 9900"]
[Site "Germany"]
[Date "1999.10.10"]
[Round "1.1"]
[White "Miezis, Normunds"]
[Black "Kishnev, Sergey"]
[Result "1-0"]
[WhiteElo "2524"]
[BlackElo "2495"]
[PlyCount "131"]
[EventDate "1999.10.10"]
[EventType "team-tourn"]
[EventRounds "9"]
[EventCountry "GER"]
[SourceTitle "CBM 074 Extra"]
[Source "ChessBase"]
[SourceDate "2000.03.10"]
[SourceVersion "2"]
[SourceVersionDate "2000.03.10"]
[SourceQuality "1"]
[WhiteTeam "Godesberg II"]
[BlackTeam "Gelsenkirchen"]
[WhiteTeamCountry "GER"]
[BlackTeamCountry "GER"]

1. c4 e6 2. e4 d5 3. exd5 exd5 4. d4 Nf6 5. Nc3 Nc6 6. Nf3 Bg4 7. Be2 dxc4 8. 0-0 Bd6 9. Be3 0-0 10. Bxc4 Qd7 11. Re1 Rfe8 12. h3 Bh5 13. Bf1 Bb4 14. a3 Ba5 15. g4 Bg6 16. b4 Bb6 17. b5 Ne7 18. Ne5 Qd6 19. Bc4 Rf8 20. Qb3 Ba5 21. Rad1 Bxc3 22. Qxc3 Nfd5 23. Qb3 Rad8 24. Bc1 Rfe8 25. a4 c6 26. Ba3 Qf6 27. Qg3 Nf4 28. Bc1 Ned5 29. h4 h5 30. g5 Qf5 31. bxc6 bxc6 32. Nxc6 Rc8 33. Rxe8+ Rxe8 34. Ne5 Rc8 35. Nxg6 Nxg6 36. Bd3 Qe6 37. Bd2 Nge7 38. Re1 Qd7 39. Qf3 Rb8 40. Qxh5 g6 41. Qf3 Rb3 42. Qe2 Qh3 43. Be4 Qxh4 44. Bg2 Qxd4 45. Rd1 Qh4 46. Qe5 Qg4 47. Re1 Rd3 48. Re4 Qf5 49. Qb8+ Qc8 50. Qb2 Qc7 51. Rh4 Nc3 52. Bf4 Qb6 53. Be5 f6 54. Bxc3 Rd1+ 55. Bf1 Qxb2 56. Bxb2 fxg5 57. Rh8+ Kf7 58. Kg2 Nf5 59. Bc4+ Ke7 60. Kf3 Rd2 61. Be5 g4+ 62. Kxg4 Rxf2 63. Rh7+ Kd8 64. Kg5 Ne3 65. Be6 Nd5 66. Rd7+ 1-0

[Event "Recklinghausen op"]
[Site "Recklinghausen"]
[Date "1999.??.??"]
[Round "9"]
[White "Glek, Igor Vladimirovich"]
[Black "Kishnev, Sergey"]
[Result "1/2-1/2"]
[WhiteElo "2535"]
[BlackElo "2495"]
[PlyCount "120"]
[EventDate "1999.??.??"]
[EventType "swiss"]
[EventRounds "9"]
[EventCountry "GER"]
[SourceTitle "EXT 2000"]
[Source "ChessBase"]
[SourceDate "1999.11.16"]
[SourceVersion "1"]
[SourceVersionDate "1999.11.16"]
[SourceQuality "1"]

1. e4 c5 2. Nf3 Nc6 3. Bb5 g6 4. Bxc6 dxc6 5. d3 Bg7 6. h3 b6 7. Nc3 e5 8. 0-0 Ne7 9. a3 a5 10. b3 0-0 11. Bb2 Qd6 12. a4 f6 13. Nd2 Be6 14. Ne2 Bh6 15. Nc4 Qc7 16. Bc1 Bg7 17. Bd2 Rad8 18. Qe1 Rde8 19. Rb1 Nc8 20. f4 Bxc4 21. bxc4 f5 22. exf5 exf4 23. Bxf4 Qe7 24. Ng3 Qd7 25. Qd2 gxf5 26. Kh1 Re6 27. Rf3 Rg6 28. Nh5 Bd4 29. c3 Bf6 30. Re1 Bh4 31. Ref1 Ne7 32. Bh2 b5 33. cxb5 cxb5 34. axb5 Qxb5 35. c4 Qb6 36. Qc3 Bf6 37. Nxf6+ Rfxf6 38. Be5 Re6 39. d4 cxd4 40. Bxd4 Qb4 41. Qc2 Re1 42. Rxe1 Qxe1+ 43. Kh2 Qe4 44. Qf2 Kf7 45. c5 h5 46. Ba1 a4 47. Qb2 h4 48. Qf2 Ke8 49. Bb2 Kf7 50. Bc1 Re6 51. Bg5 Qe5+ 52. Bf4 Qe1 53. Qa2 Qe2 54. Bd2 Kg6 55. Rf2 Qe5+ 56. Bf4 Qe4 57. Bd6 Nd5 58. Qb2 Nf6 59. Rf4 Qe1 60. Rf3 Re2 1/2-1/2